000 01374nam a2200361 i 4500
999 _c65353
_d65353
001 768714001
003 CO-MdFUSB
005 20200317103239.0
007 ta
008 200204t2001 ck |||| |||| 00| 0 spa d
020 _a9586834050
040 _aCO-MdFUSB
_bspa
_cCO-MdFUSB
_dCO-MdFUSBC
_erda
041 _aspa
082 _223
_a230.082
_bV856m
100 _aVivas Albán, María del Socorro
_eautor
245 1 _aMujeres que buscan liberación :
_bidentidad de la mujer
_c/ María del Socorro Vivas Albán.
264 1 _aBogotá, Colombia :
_b Pontificia Universidad Javeriana,
_c[2001]
264 4 _c© 2001
300 _a180 páginas
_c; 24 cm
336 _2rdacontent
_atexto
_btxt
337 _2rdamedia
_asin mediación
_bn
338 _2rdacarrier
_avolumen
_bnc
490 1 _aTeología Hoy
504 _aIncluye referencias bibliográficas (páginas 175-180)
505 _aPunto de partida. -- Reflexión teológica en perspectiva feminista. -- Marcas que determinan el ser y el hacer de la mujer en el texto sagrado. -- Una propuesta de lectura bíblica del prólogo de Mateo para reconstruir la identidad de estas mujeres.
563 _aRústico
650 7 _9449
_aTeología de la liberación
650 0 _91011
_aFeministas
650 7 _9299
_aIdentidad (Psicología)
830 _aTeología Hoy
_v35
942 _cBK
945 _aJTF-925
_bAEM-53